1179 1260 1307 1415 1886 1519 1979 1636 1543 1690 1184 1501 1639 1722 1188 1901 1539 1150 1464 1435 1262 1083 1855 1807 1775 1295 1462 1368 1410 1828 1499 1966 1889 1885 1681 1702 1273 1184 1505 1526 1487 1238 1617 1049 1697 1626 1605 1233 1708 1847 1438 1332 1333 1840 1507 1118 1187 1944 1964 1832 1871 1856 1049 1969 1206 1146 1363 1355 1995 1536 1561 1496 1010 1554 1433 1634 1844 1779 1578 1651 1562 1428 1274 1622 1979 1770 1811 1288 1706 1796 1228 1442 1920 1965 1967 1282 1412 1454 1494 BCNSPRNW ULIB Ver.6.0+V

เปลี่ยนเป็นภาษาไทย

Change to English
 แสดงรายละเอียดบรรณานุกรม
  กลับหน้าหลัก

Brief Record : Get Marc (ISO 2709) : E-mail record : QR code < ปิดหน้าต่าง
LEADER : 00000nam 2200000uu 4500
001    13399112330
003     ULIB
008    110627s||||||||th 000 0 tha d
020    9786160603770
090    นว.^bF111S มปป.
100 0  Fairy
245 00 Sweet lover...แผนการร้ายป่วนหัวใจเธอ/^cFairy
260    กรุงเทพฯ :^bแจ่มใส,^cมปป.
300    177 หน้า
710 1  แจ่มใส
945    ^p139^l0^i030390
995    ทศพร
999 ^a ใช้งานได้ทุกระบบ
รายการนี้ยังไม่มีแท็ก
คุณยังไม่ได้ล็อกอิน คุณสามารถมีกิจกรรมร่วมกับเว็บไซต์ได้ แต่ต้องล็อกอินก่อน ::
  ล็อกอิน

รายการสื่อสารสนเทศ

ลำดับที่ ประเภท เลขเรียก/บาร์โค้ด สถานที่ สถานะ
- ไม่พบข้อมูล -

BibComment


ยังไม่เคยถูกคอมเมนท์

คอมเมนท์ทรัพยากรรายการนี้
  คอมเมนท์: Sweet loverแผนการ..


 Copyright 2026. Bcnsprnw @Library